| 000 | 00873nam a2200229Ii 4500 | ||
|---|---|---|---|
| 003 | JO-AjNU | ||
| 008 | 230605s9999||||xx |||||||||||||| ||und|| | ||
| 017 | _a2008/10/3443 | ||
| 020 | _a978-9957-02-344-7 | ||
| 040 |
_aJO-AjNU _bara _erda _cJO-AjNU |
||
| 041 | _aara | ||
| 050 | 1 | 4 | _aPJ7541.M87 2008 |
| 100 | 3 |
_aمراجعة وتحرير أبو إصبع، صالح.... وآخرون, _eauthor _933564 |
|
| 245 | 0 | 0 | _aثقافة الصورة في الأدب والنقد: مؤتمر فيلادلفيا الدولي الثاني عشر24إلى 2007/4/26 بحوث محكمة |
| 250 | _aط1 | ||
| 264 | 3 | 1 | _aعمان: دار مجدلاوي، 2008 |
| 300 | _a325ص | ||
| 336 |
_atext _btxt _2rdacontent |
||
| 337 |
_aunmediated _bn _2rdamedia |
||
| 338 |
_avolume _bnc _2rdacarrier |
||
| 650 | 4 |
_aالإتصال - وسائل الإتصال - الأدب والنقد _933565 |
|
| 999 |
_aA13675 _c17243 _d17243 |
||